000 00816nam a2200265 i 4500
001 18812
003 ES-MaACL
005 20231218145832.0
007 t|
008 020318s1989 sp ||||0| spa d
016 7 _zCHM920003141
020 _a84-320-7542-6
040 _aM-BN
_bspa
_cCHM
080 _a32(460)"1982/..."
100 1 _aRamírez, Pedro J.,
_d1952-
_995106
245 1 3 _aLa rosa y el capullo
_b: cara y cruz del felipismo /
_cPedro J. Ramírez.
250 _a[2ª ed.].
260 _aBarcelona :
_bPlaneta,
_c1989.
300 _a256 p. :
_bil. ;
_c24 cm.
490 1 _aEspejo de España ;
_v141
651 4 _aEspaña-
_xPolítica y gobierno-
_y1982-1996.
_98449
830 0 _aEspejo de España ;
_v141
_9177692
852 _aES-MaACL
_jG-4638
_bR.130925
999 _c18812
_d18812